000 00753nam a22002537a 4500
003 UA-OsUOA
001 75394
007 ta
008 20110519b un ||||| |||| 00| 0 ukr d
100 _aШевченко В.І.
700 _aСокульський А.Л.
090 _a929.522(477)
_bШ37
942 _cBK
040 _aUA-OsUOA
_bukr
_cUA-OsUOA
_dUA-OsUOA
245 _a"Корінь і Крона": Козацький родовід видатних людей
300 _a130 с.
955 _a2
041 _aukr
080 _a929.522(477)
020 _a966-7108-11-2
260 _aЗапоріжжя
_bВАТ "Мотор-Січ"
_c1999
650 7 _a9 Географія. Біографії. Історія
_2UDC
999 _c361690
_d361690